[Event "CHI-ch"]
[Site "Santiago de Chile"]
[Date "2004.02.09"]
[Round "1.10"]
[White "Dobson Aguilar, Luis Francisco"]
[Black "Macias Gonzalez, Juan"]
[Result "1-0"]
[WhiteElo "2341"]
[BlackElo "2095"]
[PlyCount "53"]
[EventDate "2004.02.09"]
[EventType "swiss"]
[EventRounds "11"]
[EventCountry "CHI"]
[SourceTitle "CBM 098 Extra"]
[Source "ChessBase"]
[SourceDate "2004.03.10"]
[SourceVersion "2"]
[SourceVersionDate "2004.03.10"]
[SourceQuality "1"]

1. e4 e5 2. Nf3 Nc6 3. d4 exd4 4. Bc4 d6 5. Nxd4 Nf6 6. Nc3 Be7 7. 0-0 0-0 8. h3 Ne5 9. Be2 c5 10. Nb3 Be6 11. f4 Nc6 12. Kh1 a6 13. Bf3 Bxb3 14. axb3 Qc7 15. Be3 Rfe8 16. Bf2 Rac8 17. g4 h6 18. h4 Qd7 19. g5 hxg5 20. hxg5 Qh3+ 21. Kg1 Nd4 22. Bg2 Qh7 23. gxf6 Bxf6 24. Nd5 Bh4 25. Qg4 Bd8 26. Bxd4 cxd4 27. Qxc8 1-0